| 000 | 00338nam a22001217a 4500 | ||
|---|---|---|---|
| 040 | _cNust | ||
| 082 |
_a297.64 _bADA |
||
| 100 |
_aMuhammad Ilyas Adil _925836 |
||
| 245 | _aSeerat Hazrat Abu Bakar Siddique (R.A) | ||
| 260 |
_aLahore: _bMushtaq Ahmed, _c2003. |
||
| 650 |
_aSeerat Hazrat Abu Bakar Siddique (R.A) _9125127 |
||
| 942 |
_2ddc _cBK |
||
| 999 |
_c610902 _d610902 |
||